Statistics for What John Lennon Doesn't Believe In

Click here to take the quiz!

General Stats

  • This quiz has been taken 46 times
  • The average score is 8 of 15

Answer Stats

Answer % Correct
Beatles
83%
Jesus
83%
Elvis
68%
Zimmerman
66%
kings
61%
Bible
51%
Hitler
49%
Buddha
46%
yoga
46%
Kennedy
44%
magic
41%
mantra
41%
Gita
41%
I-Ching
37%
tarot
34%

Score Distribution

Percentile by Number Answered

Percent of People with Each Score

Your Score History

You have not taken this quiz